Technological revolutions and financial capital : the dynamics of bubbles and golden ages
Αποθηκεύτηκε σε:
| Κύριος συγγραφέας: | |
|---|---|
| Μορφή: | Βιβλίο |
| Γλώσσα: | English |
| Δημοσίευση: |
Cheltenham, UK :
Edward Elgar,
c2002, c2003
|
| Θέματα: | |
| Ετικέτες: |
Προσθήκη ετικέτας
Δεν υπάρχουν, Καταχωρήστε ετικέτα πρώτοι!
|
MARC
| LEADER | 00000nam a2200000 i 4500 | ||
|---|---|---|---|
| 001 | 1/72654 | ||
| 008 | 050303s2002 eng d | ||
| 020 | |a 1-84376-331-1 (pbk.) | ||
| 020 | |a 1-84064-922-4 (hbk.) | ||
| 035 | |l 10076880 | ||
| 040 | |a GR-MY-UA |b gre |e aacr | ||
| 041 | 0 | |a eng | |
| 082 | 0 | |a 338.42 |2 (21) | |
| 100 | 1 | |a Perez, Carlota |d 1939- | |
| 245 | 1 | 0 | |a Technological revolutions and financial capital : |b the dynamics of bubbles and golden ages / |c Carlota Perez |
| 260 | |a Cheltenham, UK : |b Edward Elgar, |c c2002, c2003 | ||
| 300 | |a xix, 198 σ.; |b εικ.; |c 24 εκ. | ||
| 504 | |a Περιλαμβάνει βιβλιογραφία και ευρετήριο | ||
| 650 | 0 | 0 | |a Technological innovations |x Economic aspects. |
| 650 | 0 | 0 | |a Finance. |
| 852 | |a INST |b CHIOS |e 20050316 |h 338.42 PER |p 005200021953 |q 005200021953 |t BK |y 0 | ||
| 852 | |a INST |b CHIOS |e 20050303 |h 338.42 PER |p 005200022485 |q 005200022485 |t BK |y 0 | ||
| 901 | |a BIBL2-2005-1 | ||
| 909 | |a Χ |b 112454 | ||
| 909 | |a Χ |b 112948 | ||
| 920 | |a ΔΙΕΥΡΥΝΣΗ |b ΕΠΕΑΕΚ-ΤΜΟΔ |y ΧΙΟΣ |z 2004-12 | ||
| 970 | |a ΧΑΖΙΡΗ |b ΑΝΝΑ |z 2005/03/03 | ||